Water resources systems: Planning and economics / (Record no. 10384)
[ view plain ]
| 000 -LEADER | |
|---|---|
| fixed length control field | 00477cam a2200181ua 4500 |
| 020 ## - INTERNATIONAL STANDARD BOOK NUMBER | |
| ISBN | 81-85240-40-X |
| 041 ## - LANGUAGE CODE | |
| Language code of text/sound track or separate title | eng |
| 082 ## - DEWEY DECIMAL CLASSIFICATION NUMBER | |
| Classification number | 553.7 |
| Item number | VAR/WA |
| 100 ## - MAIN ENTRY--AUTHOR NAME | |
| Personal name | Varshney, R.S. |
| 245 ## - TITLE STATEMENT | |
| Title | Water resources systems: Planning and economics / |
| 260 ## - PUBLICATION, DISTRIBUTION, ETC. (IMPRINT) | |
| Place of publication | Roorkee : |
| Name of publisher | Nem Chand And Bros , |
| Year of publication | 1990. |
| 300 ## - PHYSICAL DESCRIPTION | |
| Number of Pages | 156 ; . |
| 500 ## - GENERAL NOTE | |
| General note | **Reference |
| 942 ## - ADDED ENTRY ELEMENTS (KOHA) | |
| Koha item type | Books |
| Withdrawn status | Lost status | Damaged status | Home library | Current library | Date acquired | Full call number | Accession Number | Koha item type |
|---|---|---|---|---|---|---|---|---|
| KAUAET | KAUAET | 07/04/2012 | 553.7 | 18905 | Reference |
